| Tag |
First Indicator |
Second Indicator |
Subfields |
| LEADER |
00000cam a2200000Ia 4500 |
| 001 |
in00002356708 |
| 005 |
20151108074701.0 |
| 008 |
071023s2007 dcuae 000 0 eng d |
| 035 |
|
|
|a (OCoLC)ocn176166181
|
| 035 |
|
|
|a (OCoLC)176166181
|
| 040 |
|
|
|a OMB
|c OMB
|d TXA
|d UtOrBLW
|
| 049 |
|
|
|a TXAM
|
| 090 |
|
|
|a NA4473.O712
|b U55 2007
|
| 245 |
0 |
0 |
|a United States Courthouse :
|b Orlando, Florida.
|
| 264 |
|
1 |
|a [Washington, D.C.] :
|b [U.S. General Services Public Buildings Service, Office of the Chief Architect],
|c [2007]
|
| 300 |
|
|
|a 40 pages :
|b illustrations, plans ;
|c 22 cm.
|
| 336 |
|
|
|a text
|b txt
|2 rdacontent
|
| 337 |
|
|
|a unmediated
|b n
|2 rdamedia
|
| 338 |
|
|
|a volume
|b nc
|2 rdacarrier
|
| 505 |
0 |
|
|a Connecting the courthouse to the city -- Lighting the path toward justice -- Layering access to courtrooms and chambers -- Art in architecture -- General facts about the courthouse -- Biographies: the architects and the artist -- The design and construction team.
|
| 610 |
2 |
0 |
|a United States Courthouse (Orlando, Fla.)
|
| 650 |
|
0 |
|a Public buildings
|z Florida
|z Orlando.
|
| 650 |
|
0 |
|a Courthouses
|z Florida
|z Orlando.
|
| 650 |
|
0 |
|a Public art
|z Florida
|z Orlando.
|
| 651 |
|
0 |
|a Orlando (Fla.)
|x Buildings, structures, etc.
|
| 710 |
1 |
|
|a United States.
|b Office of the Chief Architect.
|
| 710 |
1 |
|
|a United States.
|b Design Excellence Program.
|
| 710 |
1 |
|
|a United States.
|b Public Buildings Service.
|
| 994 |
|
|
|a C0
|b TXA
|
| 948 |
|
|
|a cataloged
|b h
|c 2008/2/6
|d c
|e jlanham
|f 12:03:50 pm
|
| 999 |
|
|
|a MARS
|
| 999 |
f |
f |
|s f2f3261c-cc8a-3c74-b172-0661bb3e3b6f
|i bcf23d14-530d-35f7-8094-e1eab9b85d2e
|t 0
|
| 952 |
f |
f |
|p ric
|a Texas A&M University
|b Rellis Campus
|c Joint Library Facility
|d Remote Storage
|t 0
|e NA4473.O712 U55 2007
|h Library of Congress classification
|i unmediated -- volume
|m A14850238065
|
| 998 |
f |
f |
|a NA4473.O712 U55 2007
|t 0
|l Remote Storage
|